2023年全球最佳航空公司100强 SKYTRAX World Airline Awards TOP100 - Statistics

General Stats
  • This quiz has been taken 183 times
  • The average score is 33 of 100
Answer Stats
排名 地区 航空公司 % Correct
11 亚洲 海南航空
81%
1 亚洲 新加坡航空
77%
18 欧洲 英国航空
77%
3 亚洲 全日空
76%
49 北美洲 联合航空
76%
4 亚洲 阿联酋航空
74%
5 亚洲 日本航空
74%
26 亚洲 中国南方航空
74%
85 北美洲 夏威夷航空
73%
2 亚洲 卡塔尔航空
71%
7 欧洲 法国航空
70%
14 欧洲 西班牙国家航空
70%
10 亚洲 大韩航空
68%
82 北美洲 美国航空
66%
57 欧洲 爱尔兰航空
63%
8 亚洲 国泰航空
62%
21 欧洲 汉莎航空
61%
47 亚洲 马来西亚航空
61%
19 大洋洲 新西兰航空
60%
41 亚洲 中华航空
60%
95 亚洲 吉祥航空
59%
53 非洲 摩洛哥皇家航空
58%
40 亚洲 泰国国际航空
57%
38 北美洲 加拿大航空
54%
96 欧洲 多洛米蒂航空
54%
45 南美洲 南美航空
52%
20 北美洲 达美航空
51%
25 欧洲 荷兰皇家航空
51%
23 亚洲 沙特阿拉伯航空
50%
28 亚洲 韩亚航空
49%
6 亚洲 土耳其航空
48%
72 非洲 南非航空
46%
12 欧洲 瑞士国际航空
45%
17 大洋洲 澳洲航空
45%
9 亚洲 长荣航空
44%
44 亚洲 越南航空
44%
31 亚洲 亚洲航空
42%
35 非洲 埃塞俄比亚航空
42%
34 欧洲 奥地利航空
41%
32 亚洲 海湾航空
40%
48 南美洲 蓝色巴西航空
38%
86 欧洲 波兰航空
38%
84 欧洲 北欧航空
37%
89 欧洲 葡萄牙航空
37%
52 北美洲 阿拉斯加航空
36%
66 亚洲 文莱皇家航空
36%
30 亚洲 印度尼西亚鹰航空
35%
13 亚洲 阿提哈德航空
32%
22 欧洲 维珍航空
31%
80 亚洲 菲律宾航空
31%
60 北美洲 西南航空
30%
24 欧洲 芬兰航空
26%
98 欧洲 挪威穿梭航空
25%
42 亚洲 科威特航空
24%
75 亚洲 香港航空
24%
68 欧洲 瑞安航空
23%
39 亚洲 星宇航空
22%
76 南美洲 捷聪航空
21%
27 亚洲 阿曼航空
20%
63 欧洲 捷途航空
19%
91 欧洲 PLAY航空
19%
70 亚洲 迪拜航空
18%
73 非洲 肯尼亚航空
17%
33 亚洲 酷航
16%
15 大洋洲 斐济航空
15%
55 北美洲 捷蓝航空
15%
69 大洋洲 捷星航空
15%
92 欧洲 英国途易航空
15%
79 欧洲 欧洲之翼航空
14%
88 亚洲 阿拉伯航空
13%
100 欧洲 布鲁塞尔航空
13%
51 亚洲 纳斯航空
12%
65 欧洲 易捷航空
12%
74 亚洲 乐桃航空
12%
46 大洋洲 维珍澳大利亚航空
10%
83 南美洲 巴拿马航空
10%
36 欧洲 爱琴海航空
9%
37 亚洲 阿斯塔纳航空
9%
62 北美洲 越洋航空
8%
64 北美洲 西捷航空
8%
78 非洲 毛里求斯航空
8%
87 欧洲 维兹航空
8%
97 北美洲 微风航空
8%
16 亚洲 塔新航空
7%
50 亚洲 阿塞拜疆航空
7%
43 亚洲 靛蓝航空
6%
29 亚洲 曼谷航空
5%
59 北美洲 太阳城航空
5%
61 欧洲 波罗的海航空
5%
67 欧洲 伏林航空
4%
90 非洲 卢旺达航空
4%
58 欧洲 法国泛航航空
3%
77 亚洲 捷星亚洲航空
3%
93 北美洲 加拿大胭脂航空
3%
94 亚洲 连城航空
3%
99 北美洲 波特航空
3%
54 欧洲 维罗提航空
1%
56 大洋洲 区域快线航空
1%
71 亚洲 太阳快运航空
1%
81 南美洲 天空航空
1%
No matching quizzes found
Score Distribution
Percent of People with Each Score
Percentile by Number Answered
Your Score History
You have not taken this quiz